Los problemas del desarrollo en America Latina: homenaje a Raul Prebisch

保存先:
書誌詳細
主要な著者: Montuschi, Luisa (autora), Hans, Singer (著者)
フォーマット: 図書
言語:スペイン語
出版事項: Ciudad de México Fondo de Cultura Economica 1992
シリーズ:Fondo de Cultura Economica. Serie de Economía. Sección de Obras de Economía
主題:
タグ: タグ追加
タグなし, このレコードへの初めてのタグを付けませんか!

MARC

LEADER 00000nam a2200000 a 4500
001 UCX8298
003 CL-VaPUC
008 940323e19920000MX |||||||||||||||||spa|d
082 0 4 |a 338.980  |b MON  |2 21 
100 |a Montuschi, Luisa  |e autora  |9 325398 
700 0 |a Hans, Singer  |e author  |9 325399 
245 1 4 |a Los problemas del desarrollo en America Latina: homenaje a Raul Prebisch 
300 |a 406 p 
942 |c BK 
945 |d 19940323 00:00:00  |a nfarias 
260 |a Ciudad de México  |b Fondo de Cultura Economica  |c 1992 
600 0 7 |a PREBISCH, RAUL  |2 CL-VaPUC  |9 313113 
650 0 |a Política económica   |9 255029 
651 0 |a América Latina   |9 255027 
583 |a last modification  |c 19940323 00:00:00  |k Rodrigo Vera 
490 0 |a Fondo de Cultura Economica. Serie de Economía. Sección de Obras de Economía 
999 |c 227849  |d 227847 
952 |0 0  |1 0  |4 0  |6 338_980000000000000_MON_1992  |7 0  |8 A  |9 227119  |a BIBING  |b BIBING  |d 2019-11-15  |i 2963302  |o 338.980 MON 1992  |p 2963302  |r 2025-01-20  |w 2019-11-15  |y BK  |k GEO